[Event "POL-ChT3"]
[Site "Lazy POL"]
[Date "2012.09.05"]
[Round "5"]
[White "Walaszczyk, Witold"]
[Black "Orzechowski, Jacek"]
[Result "1/2-1/2"]
[WhiteElo "2210"]
[BlackElo "2228"]
[EventDate "2012.09.01"]
[PlyCount "77"]

1.d4 d6 2.Nf3 Bg4 3.c4 Nd7 4.e4 g6 5.Nc3 Bg7 6.Be3 Bxf3 7.gxf3 c5 8.d5 
Bxc3+ 9.bxc3 Qa5 10.Qb3 Ngf6 11.Bh6 Rg8 12.Rg1 O-O-O 13.Bd3 Ne5 14.Be2 
Ned7 15.Kd2 e5 16.Rab1 Qc7 17.Bg5 Rde8 18.h4 Nh5 19.Bf1 f6 20.Bh6 Nf4 21.
Bxf4 exf4 22.Bh3 f5 23.exf5 Ne5 24.fxg6+ Kb8 25.Be6 Nxf3+ 26.Kd3 Nxg1 27.
Bxg8 Rxg8 28.Rxg1 Qe7 29.Qd1 hxg6 30.h5 Qh7 31.Kd2 gxh5 32.Rxg8+ Qxg8 33.
Qxh5 Qf8 34.Ke2 Qf6 35.Kd3 a6 36.Qe8+ Kc7 37.f3 Qf5+ 38.Qe4 Qf6 39.a4 
1/2-1/2

[Event "POL-ChT3"]
[Site "Lazy POL"]
[Date "2012.09.05"]
[Round "5"]
[White "Helis, Tadeusz"]
[Black "Swiatnicki, Andrzej"]
[Result "1/2-1/2"]
[WhiteElo "2235"]
[BlackElo "2127"]
[EventDate "2012.09.01"]
[PlyCount "41"]

1.Nf3 d5 2.c4 c6 3.g3 Nf6 4.Bg2 Bg4 5.cxd5 Bxf3 6.Bxf3 cxd5 7.Nc3 e6 8.d3 
Nc6 9.O-O Be7 10.Bg2 O-O 11.e4 d4 12.Ne2 Qb6 13.h3 Rac8 14.g4 Nd7 15.f4 
Nb4 16.Kh1 Nc2 17.Rb1 Na3 18.Ra1 Nc2 19.Rb1 Na3 20.Ra1 Nc2 21.Rb1 1/2-1/2

[Event "POL-ChT3"]
[Site "Lazy POL"]
[Date "2012.09.05"]
[Round "5"]
[White "Smagalski, Slawomir"]
[Black "Polok, Kacper"]
[Result "0-1"]
[WhiteElo "2028"]
[BlackElo "2146"]
[EventDate "2012.09.01"]
[PlyCount "84"]

1.Nf3 d5 2.c4 c6 3.b3 Bg4 4.d4 Nf6 5.Nbd2 e6 6.a3 a5 7.e3 Bd6 8.Bb2 O-O 9.
Be2 Nbd7 10.Ne5 Bxe2 11.Qxe2 Qc7 12.f4 Ne8 13.O-O f5 14.Nxd7 Qxd7 15.c5 
Bc7 16.b4 b5 17.Bc3 Nf6 18.Rfb1 h6 19.Qe1 Ne4 20.Nxe4 dxe4 21.bxa5 g5 22.
g3 gxf4 23.gxf4 Kh7 24.Kh1 Rg8 25.Qf2 Bxa5 26.Bb4 Qd5 27.Rg1 Bxb4 28.axb4 
Rxa1 29.Rxa1 Qb3 30.Qd2 Rg7 31.Rg1 Rxg1+ 32.Kxg1 Qb1+ 33.Kg2 Kg6 34.h3 Kh7
35.h4 Kg6 36.Kh2 Kh5 37.Qe2+ Kxh4 38.Qg2 Kh5 39.Qg7 Qf1 40.Qf7+ Kg4 41.d5 
Qe2+ 42.Kh1 Kh3 0-1

[Event "POL-ChT3"]
[Site "Lazy POL"]
[Date "2012.09.05"]
[Round "5"]
[White "Cherednichenko, Elena"]
[Black "Swiatnicka, Malgorzata"]
[Result "1-0"]
[WhiteElo "2160"]
[BlackElo "1819"]
[EventDate "2012.09.01"]
[PlyCount "40"]

1.d4 Nf6 2.Nf3 d5 3.e3 c6 4.c4 a6 5.Bd3 Bg4 6.Nbd2 Nbd7 7.Qb3 Qb6 8.Qc3 e6
9.c5 Qc7 10.b4 Be7 11.Bb2 O-O 12.O-O b5 13.a4 Bf5 14.Be2 Ne4 15.Qc1 Bf6 
16.Nb3 Rfb8 17.Ne1 e5 18.f3 Ng5 19.dxe5 Be7 20.g4 Bxg4 1-0

[Event "POL-ChT3"]
[Site "Lazy POL"]
[Date "2012.09.05"]
[Round "5"]
[White "Stachanczyk, Jacek"]
[Black "Mickiewicz, Piotr"]
[Result "0-1"]
[WhiteElo "2247"]
[BlackElo "2363"]
[EventDate "2012.09.01"]
[PlyCount "112"]

1.e4 c5 2.Nf3 e6 3.d4 cxd4 4.Nxd4 a6 5.Nc3 Qc7 6.Bd3 Bc5 7.Nb3 Be7 8.O-O 
d6 9.Qe2 Nf6 10.Kh1 Nbd7 11.Bd2 b6 12.f4 Bb7 13.Nd4 h5 14.Rae1 h4 15.Rf3 
h3 16.g3 Nc5 17.Kg1 g6 18.Rff1 e5 19.Nf3 O-O-O 20.Nd5 Nxd5 21.exd5 e4 22.
Bxe4 Bf6 23.b4 Nxe4 24.Qxe4 Rde8 25.Qd3 b5 26.Rxe8+ Rxe8 27.Re1 Rxe1+ 28.
Bxe1 Qc4 29.Qxc4+ bxc4 30.Kf2 Bxd5 31.Ng5 c3 32.a3 Kd7 33.Ke3 Bg2 34.Nxf7 
Ke6 35.Ng5+ Kd5 36.Kd3 Bf1+ 37.Ke3 Kc4 38.Kf2 Bg2 39.Ke2 d5 40.Ne6 d4 41.
Nc5 a5 42.Nd3 a4 43.Ne5+ Kd5 44.Nd7 Be7 45.Nb6+ Ke4 46.Nxa4 Bf3+ 47.Kf1 
Bd1 48.Nxc3+ dxc3 49.Bxc3 Bxc2 50.Be1 Kf3 51.Bf2 Bf6 52.Kg1 Ba4 53.Bc5 Bb2
54.Kf1 Bxa3 55.Bd6 Bb5+ 56.Ke1 Bc1 0-1

[Event "POL-ChT3"]
[Site "Lazy POL"]
[Date "2012.09.05"]
[Round "5"]
[White "Khamidov, Komil"]
[Black "Gumula, Daniel"]
[Result "1-0"]
[WhiteElo "2113"]
[BlackElo "2273"]
[EventDate "2012.09.01"]
[PlyCount "121"]

1.e4 e6 2.d4 d5 3.Nc3 dxe4 4.Nxe4 Nd7 5.Nf3 Ngf6 6.Bd3 c5 7.O-O Nxe4 8.
Bxe4 Nf6 9.Bg5 Be7 10.Bxf6 gxf6 11.Qe2 f5 12.Bd3 cxd4 13.Rfe1 Kf8 14.Rad1 
Bf6 15.Qd2 Qd6 16.Bxf5 Kg7 17.Bd3 h6 18.Qe2 Bd7 19.Bc4 Qf4 20.g3 Qg4 21.
Nxd4 Qxe2 22.Bxe2 Rhd8 23.c3 Ba4 24.Rd3 Rac8 25.Nf3 Bc2 26.Rxd8 Rxd8 27.
Bc4 Ba4 28.Kf1 Rd6 29.Ke2 Rb6 30.b3 Bd7 31.Rd1 Bc8 32.Nd4 a6 33.a4 Kg8 34.
Nc2 Rc6 35.Nb4 Rc7 36.Rd3 Bd7 37.Kd2 a5 38.Nc2 Bxa4 39.Bxe6 Be8 40.Bg4 Bc6
41.c4 a4 42.bxa4 Be4 43.Rd6 Be7 44.Rd4 f5 45.Ne3 Bc5 46.Rd8+ Kf7 47.Nxf5 
Bb4+ 48.Ke2 Rxc4 49.Nd6+ Bxd6 50.Rxd6 Kg7 51.Bd7 Rc3 52.Bb5 Bc6 53.Bxc6 
bxc6 54.a5 Ra3 55.Rxc6 Rxa5 56.Kf3 Rf5+ 57.Kg2 Ra5 58.g4 Ra3 59.f3 Ra2+ 
60.Kg3 Rb2 61.h4 1-0

[Event "POL-ChT3"]
[Site "Lazy POL"]
[Date "2012.09.05"]
[Round "5"]
[White "Tokarski, Lukasz"]
[Black "Kulas, Szymon"]
[Result "1-0"]
[WhiteElo "2278"]
[BlackElo "2059"]
[EventDate "2012.09.01"]
[PlyCount "51"]

1.e4 c5 2.Nf3 d6 3.d4 cxd4 4.Nxd4 Nf6 5.Nc3 a6 6.Bg5 Nbd7 7.Bc4 e6 8.Bb3 
Be7 9.Bxe6 O-O 10.Bf5 g6 11.Bxd7 Nxd7 12.Bh6 Re8 13.Qd2 Nc5 14.O-O-O Bf6 
15.f3 Bd7 16.Nd5 Be5 17.h4 Ne6 18.Nxe6 Bxe6 19.Bg5 f6 20.Be3 f5 21.exf5 
Bxf5 22.g4 Be6 23.h5 Bf7 24.hxg6 hxg6 25.Bg5 Qd7 26.Bf6 1-0

[Event "POL-ChT3"]
[Site "Lazy POL"]
[Date "2012.09.05"]
[Round "5"]
[White "Perdek, Miroslaw"]
[Black "Kolosowski, Pawel"]
[Result "1-0"]
[WhiteElo "2236"]
[BlackElo "2280"]
[EventDate "2012.09.01"]
[PlyCount "97"]

1.e4 e5 2.Nf3 Nc6 3.Bb5 a6 4.Ba4 Nf6 5.O-O Be7 6.Re1 b5 7.Bb3 d6 8.c3 O-O 
9.h3 Nd7 10.d4 Bf6 11.a4 Bb7 12.d5 Ne7 13.axb5 axb5 14.Rxa8 Qxa8 15.Na3 
Ba6 16.Nh2 g6 17.Bc2 Bg7 18.b4 c6 19.dxc6 Qxc6 20.Bg5 f6 21.Bd2 Nb6 22.Qe2
d5 23.Ng4 Rc8 24.Bd3 Nc4 25.exd5 Qxd5 26.Nxc4 bxc4 27.Bc2 Qe6 28.f4 Nd5 
29.fxe5 fxe5 30.Ra1 Qb6+ 31.Kh1 Nf4 32.Qf3 Bb7 33.Be4 Bxe4 34.Qxe4 Nd3 35.
Ra8 Rxa8 36.Qxa8+ Kf7 37.Qd5+ Qe6 38.Qb7+ Qe7 39.Qc6 Qe6 40.Qc7+ Kf8 41.b5
Qd5 42.b6 Nc5 43.Bg5 Nd7 44.b7 Qb5 45.Qd8+ Kf7 46.Qe7+ Kg8 47.Qe8+ Bf8 48.
Qxd7 Qxd7 49.Nf6+ 1-0

[Event "POL-ChT3"]
[Site "Lazy POL"]
[Date "2012.09.05"]
[Round "5"]
[White "Siedlinski, Piotr"]
[Black "Czyz, Artur"]
[Result "1-0"]
[WhiteElo "2092"]
[BlackElo "2031"]
[EventDate "2012.09.01"]
[PlyCount "159"]

1.e4 e6 2.d4 d5 3.exd5 exd5 4.Bd3 Bd6 5.Qf3 Nf6 6.h3 Nc6 7.c3 Ne4 8.Ne2 f5
9.Bf4 Be6 10.Bb5 Qe7 11.a4 O-O 12.Bxd6 Qxd6 13.Qf4 Qd7 14.h4 a6 15.Bxc6 
Qxc6 16.Nd2 Nxd2 17.Qxd2 Bd7 18.O-O Rae8 19.Nf4 Qh6 20.g3 Re4 21.f3 Re7 
22.b3 c6 23.Rae1 Rxe1 24.Rxe1 g5 25.hxg5 Qxg5 26.Qh2 Rf7 27.Kf2 Re7 28.
Rxe7 Qxe7 29.Qh6 Be8 30.Qe6+ Qxe6 31.Nxe6 Bd7 32.Nc5 Bc8 33.a5 Kf7 34.Ke3 
Ke7 35.Kf4 Kf6 36.c4 h6 37.cxd5 cxd5 38.b4 h5 39.Ke3 Kg5 40.Nd3 Bd7 41.Nf4
Bc6 42.Nh3+ Kf6 43.Kf4 Bd7 44.Nf2 Bc8 45.Nd1 Bd7 46.Ke3 Kg5 47.Nf2 Kg6 48.
Kf4 Kf6 49.Nd3 Be6 50.Ne5 Bc8 51.Ke3 Be6 52.f4 Bc8 53.Kd3 Ke6 54.b5 Bd7 
55.bxa6 bxa6 56.Kc3 Be8 57.Kb4 Kd6 58.Nd3 Bb5 59.Nc5 Bf1 60.Na4 Bb5 61.Nc3
Bd7 62.Kb3 Be8 63.Kc2 Kc6 64.Kd2 Kd6 65.Ke3 Bc6 66.Kf3 Ke6 67.Kg2 Kf6 68.
Kh3 Kg6 69.Kh4 Bb7 70.Na2 Bc8 71.Nb4 Bb7 72.Nd3 Bc8 73.Ne5+ Kh6 74.Nc6 Kg7
75.Kxh5 Kf6 76.Nb4 Bb7 77.Kh6 Kf7 78.Kg5 Ke6 79.Nc2 Bc8 80.Ne3 1-0

[Event "POL-ChT3"]
[Site "Lazy POL"]
[Date "2012.09.05"]
[Round "5"]
[White "Poznanska, Katarzyna"]
[Black "Guzik, Jolanta"]
[Result "1-0"]
[WhiteElo "2086"]
[BlackElo "2139"]
[EventDate "2012.09.01"]
[PlyCount "53"]

1.e4 d5 2.exd5 Qxd5 3.Nc3 Qa5 4.d4 Nf6 5.Nf3 c6 6.Bc4 Bf5 7.Bd2 e6 8.Nd5 
Qd8 9.Nxf6+ gxf6 10.Qe2 Bd6 11.O-O-O Qe7 12.Rhe1 Bg4 13.h3 Bxf3 14.Qxf3 
Nd7 15.a4 O-O-O 16.a5 Bb4 17.Qb3 Bxd2+ 18.Rxd2 Qd6 19.a6 b6 20.Qf3 Ne5 21.
Rxe5 fxe5 22.Qxf7 Qc7 23.Bxe6+ Kb8 24.dxe5 b5 25.f4 Rxd2 26.Qxc7+ Kxc7 27.
Kxd2 1-0

[Event "POL-ChT3"]
[Site "Lazy POL"]
[Date "2012.09.05"]
[Round "5"]
[White "Banasik, Krzysztof"]
[Black "Licznerski, Lukasz"]
[Result "1/2-1/2"]
[WhiteElo "2284"]
[BlackElo "2306"]
[EventDate "2012.09.01"]
[PlyCount "110"]

1.e4 c6 2.d4 d5 3.Nd2 dxe4 4.Nxe4 Nd7 5.Bc4 Ngf6 6.Ng5 e6 7.Qe2 Nb6 8.N5f3
Nxc4 9.Qxc4 Qd5 10.Qd3 c5 11.Ne2 cxd4 12.Qxd4 Bd7 13.Qxd5 Nxd5 14.O-O Rc8 
15.c3 f6 16.Nf4 Nxf4 17.Bxf4 e5 18.Be3 Bc5 19.Bxc5 Rxc5 20.Nd2 Rd5 21.Rfd1
Be6 22.Nf1 Ke7 23.Ne3 Rdd8 24.Kf1 f5 25.Ke1 f4 26.Rxd8 Rxd8 27.Nf1 Bd5 28.
f3 e4 29.fxe4 Bxe4 30.g3 g5 31.gxf4 gxf4 32.Rd1 Rxd1+ 33.Kxd1 Kf6 34.Ke1 
Bd5 35.b3 Kf5 36.Nd2 Kg4 37.Kf2 Kh3 38.c4 Bc6 39.Nf3 Kg4 40.Nd4 Be4 41.b4 
Kg5 42.Nb5 a6 43.Nd6 Bh1 44.Kg1 Bc6 45.a4 Kf6 46.b5 Bf3 47.Kf2 Bh1 48.Kg1 
Bf3 49.Kf2 Bh1 50.Kg1 Ke6 51.Ne8 Be4 52.bxa6 bxa6 53.Nc7+ Ke5 54.Nxa6 Kd4 
55.Kf2 Kxc4 1/2-1/2

[Event "POL-ChT3"]
[Site "Lazy POL"]
[Date "2012.09.05"]
[Round "5"]
[White "Gralka, Julian"]
[Black "Tustanowski, Robert"]
[Result "1/2-1/2"]
[WhiteElo "2231"]
[BlackElo "2304"]
[EventDate "2012.09.01"]
[PlyCount "102"]

1.d4 Nf6 2.c4 e6 3.Nf3 b6 4.g3 Bb7 5.Bg2 Bb4+ 6.Bd2 c5 7.Bxb4 cxb4 8.O-O 
O-O 9.a3 bxa3 10.Rxa3 Qc7 11.Nbd2 Nc6 12.e4 Nb4 13.Qb1 d6 14.Rc3 e5 15.d5 
Nd7 16.Ne1 Nc5 17.f4 Rae8 18.f5 f6 19.g4 g5 20.Kf2 h6 21.Rh1 Re7 22.h4 Rh7
23.Rch3 Rff7 24.Ke2 a5 25.Nc2 Nxc2 26.Qxc2 Ba6 27.Kf2 Rfg7 28.Bf1 Nb7 29.
Qc3 Qc5+ 30.Qe3 Qxe3+ 31.Kxe3 Nc5 32.Be2 Ra7 33.Ra1 Kh8 34.Bd1 Kg7 35.Ba4 
Rh8 36.Bc6 Rc7 37.Rah1 Rcc8 38.Rb1 Rc7 39.b4 axb4 40.Rxb4 Rb8 41.Rh1 Bc8 
42.hxg5 hxg5 43.Ra1 Kf8 44.Rab1 Ra7 45.Rxb6 Rxb6 46.Rxb6 Ra3+ 47.Ke2 Ke7 
48.Rb8 Kd8 49.Rb1 Ra2 50.Ke3 Ra3+ 51.Ke2 Ra2 1/2-1/2

[Event "POL-ChT3"]
[Site "Lazy POL"]
[Date "2012.09.05"]
[Round "5"]
[White "Siekaniec, Jan"]
[Black "Wozniak, Marcin"]
[Result "1/2-1/2"]
[WhiteElo "2159"]
[BlackElo "2215"]
[EventDate "2012.09.01"]
[PlyCount "114"]

1.e4 c6 2.d4 d5 3.Nd2 dxe4 4.Nxe4 Nf6 5.Nxf6+ gxf6 6.c3 Qd6 7.g3 h5 8.Bf4 
Qd5 9.f3 Bf5 10.Qd2 Na6 11.b3 Qe6+ 12.Kf2 O-O-O 13.Bxa6 bxa6 14.Qe2 Qxe2+ 
15.Nxe2 Bg7 16.Rhd1 Rd7 17.Be3 Kb7 18.Rd2 e5 19.Rad1 Rhd8 20.Nc1 Bf8 21.b4
a5 22.bxa5 Ka6 23.Nb3 Ba3 24.Ke2 Be6 25.dxe5 Rxd2+ 26.Rxd2 Rxd2+ 27.Kxd2 
fxe5 28.Nc5+ Bxc5 29.Bxc5 Bxa2 30.g4 hxg4 31.fxg4 Bb1 32.g5 Bg6 33.Ke3 
Kxa5 34.Bxa7 Kb5 35.Bb8 e4 36.Kd4 Ka4 37.c4 Kb3 38.c5 Kb4 39.Bf4 Kb3 40.h4
Kb4 41.Be3 Kb3 42.Bf2 Kb4 43.Be1+ Kb5 44.Bd2 Ka4 45.Ke5 Kb5 46.Kd6 Bh5 47.
Be3 Bg6 48.Bf2 Bh5 49.Be3 Bg6 50.Bg1 Bh5 51.Ke5 Bg6 52.Kf4 Kc4 53.Kg4 Kd5 
54.h5 Bh7 55.Kf4 Ke6 56.Be3 Bf5 57.Bd4 Bh7 1/2-1/2

[Event "POL-ChT3"]
[Site "Lazy POL"]
[Date "2012.09.05"]
[Round "5"]
[White "Bokiej, Przemyslaw"]
[Black "Olszynski, Kazimierz"]
[Result "1-0"]
[WhiteElo "2189"]
[BlackElo "2185"]
[EventDate "2012.09.01"]
[PlyCount "67"]

1.d4 g6 2.e4 Bg7 3.Nc3 d6 4.f4 e6 5.Nf3 Ne7 6.Bd3 O-O 7.O-O f5 8.e5 d5 9.
b4 h6 10.a4 Rf7 11.a5 Bf8 12.Ne2 Bd7 13.h3 Qe8 14.c4 dxc4 15.Bxc4 Nd5 16.
Qb3 Nxb4 17.Nc3 c6 18.Ba3 N8a6 19.Bxa6 Nxa6 20.Qxb7 Nb4 21.Bxb4 Rb8 22.Qa6
Bxb4 23.Qc4 c5 24.d5 exd5 25.Nxd5 Be6 26.Rfd1 Qc6 27.Nxb4 Rxb4 28.Nd4 Rxc4
29.Nxc6 Rxf4 30.Rd6 Bb3 31.e6 Rc7 32.Rb1 c4 33.Rd8+ Kg7 34.Rd7+ 1-0

[Event "POL-ChT3"]
[Site "Lazy POL"]
[Date "2012.09.05"]
[Round "5"]
[White "Szczesniak, Konrad"]
[Black "Gralka, Przemyslaw"]
[Result "0-1"]
[WhiteElo "2171"]
[BlackElo "2289"]
[EventDate "2012.09.01"]
[PlyCount "110"]

1.d4 d5 2.c4 dxc4 3.Nf3 Nf6 4.Nc3 e6 5.Bg5 c5 6.e3 a6 7.a4 Nc6 8.Bxc4 cxd4
9.exd4 Be7 10.O-O O-O 11.Re1 b6 12.d5 Nxd5 13.Bxd5 exd5 14.Qxd5 Qxd5 15.
Nxd5 Bc5 16.Rac1 Rb8 17.Bf4 Rb7 18.Nxb6 Bxb6 19.Rxc6 Bd7 20.Rc4 Be6 21.
Rce4 Ba5 22.R1e2 Rd8 23.h3 Rd1+ 24.Kh2 h6 25.Nd4 Bd5 26.Re8+ Kh7 27.Nf5 
Bc6 28.R8e7 Rxe7 29.Rxe7 g5 30.Be5 Kg6 31.Ne3 Rd7 32.Re8 Rd8 33.Re7 Bxa4 
34.Nc4 Bb4 35.Rb7 Bc5 36.Bc7 Rc8 37.Ne5+ Kf5 38.f4 f6 39.Nf7 Bc6 40.Ra7 
Bxa7 41.Nd6+ Ke6 42.Nxc8 Bd4 43.Nb6 Bxb2 44.Kg3 Bc3 45.Nc4 Be1+ 46.Kh2 Bb5
47.Ne3 Kd7 48.Bb6 gxf4 49.Ng4 Bc3 50.Nxh6 a5 51.Ng4 a4 52.Bc5 Bb2 53.h4 
Ke6 54.Nf2 a3 55.Bxa3 Bxa3 0-1

[Event "POL-ChT3"]
[Site "Lazy POL"]
[Date "2012.09.05"]
[Round "5"]
[White "Wesolowska, Edyta"]
[Black "Buksa, Ewelina"]
[Result "1-0"]
[WhiteElo "1951"]
[BlackElo "1533"]
[EventDate "2012.09.01"]
[PlyCount "73"]

1.d4 d5 2.c4 c6 3.Nf3 e6 4.Nc3 Nf6 5.Bg5 Be7 6.e3 O-O 7.Rc1 Re8 8.Bd3 dxc4
9.Bxc4 Nd5 10.Bxe7 Qxe7 11.Ne4 Nd7 12.O-O N7f6 13.Ng3 Bd7 14.Qe2 Rac8 15.
Rfd1 Red8 16.e4 Nb6 17.Bd3 Be8 18.e5 Nfd5 19.Qe4 g6 20.Qg4 Nd7 21.Ne4 f5 
22.exf6 N7xf6 23.Nxf6+ Qxf6 24.Ng5 Nc7 25.Bc4 Bf7 26.Rc3 Rf8 27.Re1 Rce8 
28.Rf3 Qg7 29.Nxe6 Bxe6 30.Bxe6+ Nxe6 31.Rxe6 Rd8 32.Rxf8+ Kxf8 33.Qf4+ 
Kg8 34.h3 h5 35.Rd6 Re8 36.Kf1 Qe7 37.Rxg6+ 1-0

[Event "POL-ChT3"]
[Site "Lazy POL"]
[Date "2012.09.05"]
[Round "5"]
[White "Kukula, Pawel"]
[Black "Borgula, Rafal"]
[Result "1/2-1/2"]
[WhiteElo "2256"]
[BlackElo "2306"]
[EventDate "2012.09.01"]
[PlyCount "54"]

1.d4 Nf6 2.Nf3 e6 3.Nbd2 d5 4.e3 Nbd7 5.Bd3 c5 6.c3 Bd6 7.O-O O-O 8.Re1 e5
9.e4 cxd4 10.cxd4 Re8 11.exd5 exd4 12.Rxe8+ Qxe8 13.Nc4 Bc5 14.d6 Nb6 15.
Nxb6 axb6 16.Bf4 Qf8 17.h3 Bxd6 18.Bxd6 Qxd6 19.Nxd4 Bd7 20.Nf3 Qb4 21.Qd2
Qxd2 22.Nxd2 Kf8 23.Nc4 Be6 24.Nxb6 Rxa2 25.Rxa2 Bxa2 26.Bc4 Bxc4 27.Nxc4 
Ke7 1/2-1/2

[Event "POL-ChT3"]
[Site "Lazy POL"]
[Date "2012.09.05"]
[Round "5"]
[White "Konieczynski, Piotr"]
[Black "Krainski, Aleksander"]
[Result "1/2-1/2"]
[WhiteElo "1933"]
[BlackElo "2244"]
[EventDate "2012.09.01"]
[PlyCount "100"]

1.d4 d5 2.c4 c6 3.Nf3 e6 4.e3 f5 5.Qc2 Nf6 6.Bd3 Bd6 7.O-O O-O 8.b3 Qe7 9.
Bb2 Ne4 10.Nbd2 b6 11.Ne5 Bb7 12.f3 Nxd2 13.Qxd2 a5 14.e4 fxe4 15.fxe4 
Rxf1+ 16.Rxf1 Bxe5 17.dxe5 Nd7 18.exd5 cxd5 19.Qe3 a4 20.Qh3 g6 21.b4 Rc8 
22.Qg4 Nf8 23.a3 Ba6 24.Rc1 dxc4 25.Bxc4 b5 26.Be2 Rxc1+ 27.Bxc1 Qc7 28.
Qf4 Bb7 29.Bf1 Bd5 30.Qe3 Qb7 31.Qc5 Kf7 32.Qxb5 Qc7 33.Bf4 Nd7 34.Qxa4 
Qb6+ 35.Kh1 Bc6 36.Qc2 Ba8 37.Qd2 Bd5 38.h3 Qa7 39.Qe3 Qb8 40.Qf2 Ke8 41.
Qc2 Qb7 42.a4 Kf7 43.Qf2 Kg8 44.Bh6 Qxb4 45.Bb5 Qc3 46.Qe3 Qb2 47.Qd2 Qxd2
48.Bxd2 Nxe5 49.a5 Nc4 50.Bxc4 Bxc4 1/2-1/2

[Event "POL-ChT3"]
[Site "Lazy POL"]
[Date "2012.09.05"]
[Round "5"]
[White "Pacuszka, Tomasz"]
[Black "Katafiasz, Tomasz"]
[Result "1-0"]
[WhiteElo "2273"]
[BlackElo "1881"]
[EventDate "2012.09.01"]
[PlyCount "61"]

1.e4 c5 2.Nf3 Nc6 3.Bb5 g6 4.c3 Bg7 5.O-O Nf6 6.Re1 Qb6 7.Na3 O-O 8.h3 a6 
9.Bf1 Qc7 10.d4 cxd4 11.cxd4 d5 12.e5 Ne4 13.Bd3 Rd8 14.Nc2 f6 15.Ne3 Ng5 
16.Nxg5 fxg5 17.Nc2 Qb6 18.Bxg5 Rf8 19.Qd2 Be6 20.Be3 Rac8 21.Rec1 Kh8 22.
b4 Bd7 23.a4 Nd8 24.a5 Qe6 25.Ne1 Nf7 26.Be2 h5 27.Nd3 Rxc1+ 28.Rxc1 Bc6 
29.Nf4 Qf5 30.Bd3 Qc8 31.Nxg6+ 1-0

[Event "POL-ChT3"]
[Site "Lazy POL"]
[Date "2012.09.05"]
[Round "5"]
[White "Majdan, Damian"]
[Black "Krainski, Slawomir"]
[Result "1/2-1/2"]
[WhiteElo "1779"]
[BlackElo "2029"]
[EventDate "2012.09.01"]
[PlyCount "104"]

1.Nf3 d5 2.c4 c6 3.g3 Nf6 4.Bg2 Bf5 5.b3 e6 6.Bb2 Be7 7.O-O O-O 8.d3 h6 9.
Nbd2 Nbd7 10.Ne5 Nxe5 11.Bxe5 Bh7 12.Nf3 a5 13.Bb2 a4 14.cxd5 exd5 15.bxa4
Qa5 16.Qb3 Qxa4 17.Rfb1 Qxb3 18.axb3 Bf5 19.Bc3 c5 20.Ra4 b5 21.Rxa8 Rxa8 
22.Ra1 Rxa1+ 23.Bxa1 b4 24.Ne5 Bd6 25.f4 Be6 26.Bb2 Bxe5 27.Bxe5 d4 28.Bd6
Bxb3 29.Bxc5 Bd1 30.Bf3 b3 31.Bxd4 Ne8 32.Kf1 Nd6 33.Ke1 Nf5 34.Kxd1 Nxd4 
35.Kc1 g5 36.fxg5 hxg5 37.Kb2 f5 38.Bd5+ Kg7 39.e3 Nc2 40.e4 f4 41.gxf4 
gxf4 42.e5 Ne1 43.d4 f3 44.Bc4 f2 45.e6 Kf6 46.d5 Nf3 47.h4 Nd2 48.Be2 
f1=Q 49.Bxf1 Nxf1 50.h5 Ne3 51.e7 Kxe7 52.h6 Kf7 1/2-1/2

[Event "POL-ChT3"]
[Site "Lazy POL"]
[Date "2012.09.05"]
[Round "5"]
[White "Sciborowski, Miroslaw"]
[Black "Maksimenko, Andrei Jr"]
[Result "0-1"]
[WhiteElo "2063"]
[BlackElo "1896"]
[EventDate "2012.09.01"]
[PlyCount "104"]

1.d4 Nf6 2.Nf3 c5 3.e3 cxd4 4.exd4 d5 5.Bd3 Bg4 6.Nbd2 e6 7.c3 Bd6 8.Qa4+ 
Nbd7 9.Ne5 Bh5 10.f4 O-O 11.O-O a6 12.Ndf3 b5 13.Qc2 b4 14.cxb4 Bxb4 15.
Nc6 Qb6 16.Nxb4 Bxf3 17.Rxf3 Qxd4+ 18.Be3 Qxb4 19.a3 Qb7 20.b4 Rfc8 21.Qb1
a5 22.b5 a4 23.Bd4 Ne4 24.Bxe4 dxe4 25.Rg3 f6 26.Qb4 Qd5 27.Bf2 e5 28.fxe5
Nxe5 29.b6 Qb7 30.Qd6 Rc6 31.Qd5+ Nf7 32.Qxe4 Rc1+ 33.Rxc1 Qxe4 34.Rgc3 
Nd6 35.Rc7 Nb7 36.Re1 Qd5 37.Ree7 Nd6 38.Rxg7+ Kf8 39.Bc5 Qxc5+ 40.Rxc5 
Kxg7 41.Rc7+ Kg6 42.Ra7 Rb8 43.Rxa4 Rxb6 44.Rg4+ Kf5 45.h3 Ke5 46.Rh4 Rb7 
47.Kf2 Rb2+ 48.Kf1 Nf5 49.Rxh7 Ne3+ 50.Ke1 Rxg2 51.Rh4 Ra2 52.Rh8 Kf4 0-1

[Event "POL-ChT3"]
[Site "Lazy POL"]
[Date "2012.09.05"]
[Round "5"]
[White "Weglarz, Joanna"]
[Black "Filipek, Halina"]
[Result "1-0"]
[WhiteElo "2007"]
[BlackElo "1760"]
[EventDate "2012.09.01"]
[PlyCount "55"]

1.Nf3 d5 2.d4 Nf6 3.Bf4 e6 4.e3 Be7 5.Bd3 c5 6.dxc5 Qa5+ 7.Nc3 Bd7 8.O-O 
Qxc5 9.Ne5 a6 10.Ne2 Bb5 11.Nd4 Bc6 12.Rc1 Qb6 13.Qd2 Nh5 14.c3 Nd7 15.Qe2
Nxf4 16.exf4 Nxe5 17.fxe5 g6 18.Qd2 h6 19.b3 Bc5 20.Qf4 Be7 21.Rfe1 Bg5 
22.Qf3 Bxc1 23.Qf6 Rf8 24.Nxe6 Ba3 25.Nxf8 Qd8 26.Nh7 Be7 27.Qf4 h5 28.
Nf6+ 1-0

[Event "POL-ChT3"]
[Site "Lazy POL"]
[Date "2012.09.05"]
[Round "5"]
[White "Matuszewski, Michal"]
[Black "Rawicz, Karol"]
[Result "1-0"]
[WhiteElo "2368"]
[BlackElo "2250"]
[EventDate "2012.09.01"]
[PlyCount "133"]

1.d4 Nf6 2.Nf3 e6 3.Bg5 d5 4.e3 Be7 5.Nbd2 O-O 6.Bd3 b6 7.Ne5 Nfd7 8.Nxd7 
Nxd7 9.Bf4 Bd6 10.Bxd6 cxd6 11.c3 Nf6 12.Qe2 e5 13.O-O-O b5 14.Kb1 Qb6 15.
Rc1 b4 16.c4 e4 17.Bc2 Ba6 18.Bb3 Rac8 19.g4 Rc7 20.g5 Nd7 21.Qg4 Rfc8 22.
Qf5 Qb7 23.Bc2 Nb6 24.Nxe4 dxe4 25.Bxe4 d5 26.Qxh7+ Kf8 27.Bf5 Nxc4 28.Ka1
g6 29.Qh8+ Ke7 30.Qf6+ Kf8 31.Bxc8 Qxc8 32.b3 Rc6 33.Qh8+ Ke7 34.Qxc8 Bxc8
35.bxc4 dxc4 36.e4 c3 37.Kb1 Ra6 38.Rhe1 Kd6 39.Re3 Ra3 40.Rc2 Bd7 41.Rg3 
Bc6 42.Re3 Ba4 43.Rc1 Bb5 44.h4 Bc4 45.Rc2 Bb5 46.e5+ Ke6 47.d5+ Kxd5 48.
e6 fxe6 49.h5 Ba4 50.Rc1 gxh5 51.g6 Be8 52.Rd1+ Kc4 53.Re4+ Kc5 54.Rxe6 
Ba4 55.Rc1 b3 56.Rxc3+ Kb4 57.g7 bxa2+ 58.Ka1 Rxc3 59.g8=Q Rc1+ 60.Kxa2 
Bb3+ 61.Kb2 Rc2+ 62.Kb1 Bxe6 63.Qb8+ Kc3 64.Qg3+ Kd2 65.Qe3+ Kd1 66.Qd3+ 
Rd2 67.Qf1# 1-0

[Event "POL-ChT3"]
[Site "Lazy POL"]
[Date "2012.09.05"]
[Round "5"]
[White "Muc, Marcin"]
[Black "Tobolski, Jakub"]
[Result "1-0"]
[WhiteElo "2165"]
[BlackElo "2089"]
[EventDate "2012.09.01"]
[PlyCount "83"]

1.d4 Nf6 2.c4 g6 3.Nc3 Bg7 4.e4 d6 5.f3 O-O 6.Bg5 c5 7.d5 Nbd7 8.Nge2 a6 
9.a4 Rb8 10.Qd2 Re8 11.Ng3 Qa5 12.Be2 Nf8 13.O-O e6 14.Kh1 exd5 15.cxd5 
Qc7 16.Rfc1 b6 17.Bf4 Qe7 18.Rab1 h5 19.b4 N8d7 20.Nf1 Nh7 21.Ne3 Be5 22.
Nc4 f6 23.Be3 g5 24.Rb3 Kh8 25.Rcb1 Ra8 26.bxc5 bxc5 27.Na5 Rg8 28.Nc6 Qg7
29.Nd1 Ndf8 30.a5 Ng6 31.Nf2 Nf4 32.Bf1 Ng6 33.Bc4 Ne7 34.Nd3 Ng6 35.g3 h4
36.f4 Bd4 37.Nxd4 cxd4 38.Bxd4 gxf4 39.gxf4 Ne5 40.fxe5 fxe5 41.Bb6 Bh3 
42.Rg1 1-0

[Event "POL-ChT3"]
[Site "Lazy POL"]
[Date "2012.09.05"]
[Round "5"]
[White "Matuszczyk, Przemyslaw"]
[Black "Fistek, Dariusz"]
[Result "0-1"]
[WhiteElo "2067"]
[BlackElo "2242"]
[EventDate "2012.09.01"]
[PlyCount "84"]

1.e4 c5 2.Nf3 Nc6 3.d4 cxd4 4.Nxd4 Nf6 5.Nc3 d6 6.Bg5 e6 7.Qd2 a6 8.O-O-O 
Bd7 9.f4 b5 10.Bxf6 gxf6 11.Kb1 Qb6 12.Nxc6 Bxc6 13.f5 b4 14.Ne2 e5 15.Ng3
Qc5 16.b3 a5 17.Bc4 Rc8 18.Nh5 Ke7 19.Rhe1 Rg8 20.h3 a4 21.g4 Rg5 22.Qe2 
Bh6 23.Nxf6 Kxf6 24.h4 Rg7 25.g5+ Bxg5 26.hxg5+ Rxg5 27.Rh1 Kg7 28.f6+ Kg8
29.Qd2 Rg4 30.Rxh7 Kxh7 31.Rh1+ Kg8 32.Qh2 Kf8 33.Qh8+ Rg8 34.Qh2 Ke8 35.
Bxf7+ Kd7 36.Bxg8 Bxe4 37.Qh3+ Kc7 38.Bc4 Bxh1 39.Qxh1 Rh8 40.Qf1 d5 41.
Bd3 a3 42.f7 Qc3 0-1

[Event "POL-ChT3"]
[Site "Lazy POL"]
[Date "2012.09.05"]
[Round "5"]
[White "Lusio, Daniel"]
[Black "Wolynski, Krzysztof"]
[Result "0-1"]
[WhiteElo "1861"]
[BlackElo "2056"]
[EventDate "2012.09.01"]
[PlyCount "74"]

1.e4 e6 2.d4 d5 3.exd5 exd5 4.Nf3 Nf6 5.Bd3 Bd6 6.O-O O-O 7.h3 h6 8.Nbd2 
c5 9.dxc5 Bxc5 10.Nb3 Bb6 11.c3 Nc6 12.Bf4 Ne4 13.Ne5 Qf6 14.Nxc6 Qxf4 15.
Ne7+ Kh8 16.Bxe4 dxe4 17.Nd5 Qg5 18.Kh1 Rd8 19.c4 Be6 20.f4 Qg3 21.Qe2 
Bxd5 22.cxd5 f5 23.Rad1 Rd6 24.Nc1 Rad8 25.Qc4 Rg6 26.Qe2 Rg4 27.d6 Rxf4 
28.Rxf4 Qxf4 29.Qc4 Rxd6 30.Rf1 Rc6 31.Rxf4 Rxc4 32.Nb3 g6 33.g4 Bc7 34.
Rf1 f4 35.Nd2 Rd4 36.Nb3 Rd5 37.Re1 f3 0-1

[Event "POL-ChT3"]
[Site "Lazy POL"]
[Date "2012.09.05"]
[Round "5"]
[White "Cichy, Kamil"]
[Black "Wozny, Tomasz"]
[Result "1-0"]
[WhiteElo "1992"]
[BlackElo "1783"]
[EventDate "2012.09.01"]
[PlyCount "49"]

1.e4 d5 2.exd5 Qxd5 3.Nc3 Qa5 4.Bc4 Nf6 5.h3 h5 6.d3 Nc6 7.Nf3 Bf5 8.Bd2 
Qc5 9.Nb5 O-O-O 10.Be3 Qb4+ 11.c3 Qa5 12.b4 Nxb4 13.cxb4 Qxb4+ 14.Bd2 Qc5 
15.Qb3 e6 16.Rb1 Nd5 17.Bxd5 Qxd5 18.Nxa7+ Kb8 19.Qxb7+ Qxb7 20.Nc6+ Kc8 
21.Rxb7 Rxd3 22.Rb8+ Kd7 23.Nce5+ Ke7 24.Nxd3 Bxd3 25.Bb4+ 1-0

[Event "POL-ChT3"]
[Site "Lazy POL"]
[Date "2012.09.05"]
[Round "5"]
[White "Sygulska, Anna"]
[Black "Krupa, Anna"]
[Result "0-1"]
[WhiteElo "1898"]
[BlackElo "1888"]
[EventDate "2012.09.01"]
[PlyCount "72"]

1.c4 c6 2.Nf3 d5 3.d3 Nf6 4.Nbd2 Bf5 5.g3 Nbd7 6.Bg2 e5 7.O-O Be7 8.a3 a5 
9.Re1 O-O 10.e4 dxe4 11.dxe4 Bg4 12.Qc2 Qc7 13.b3 Rfe8 14.Bb2 Bc5 15.h3 
Bh5 16.Rf1 Qb6 17.Bc3 Bg6 18.g4 Bd4 19.Rab1 Bxc3 20.Qxc3 Bxe4 21.Rbe1 Bg6 
22.Nxe5 Nxe5 23.Rxe5 Rxe5 24.Qxe5 Re8 25.Qc3 h6 26.c5 Qd8 27.Nc4 Be4 28.
Qxa5 Qd5 29.Bxe4 Nxe4 30.Qc7 Ng5 31.Qd6 Nf3+ 32.Kh1 Qe4 33.Qg3 Nd2+ 34.f3 
Nxf1 35.Qf2 Qe1 36.Kg2 Re2 0-1